Anta historia costumbre y folklore / (Record no. 21133)

000 -CABECERA
fixed length control field 01237nam a22002297a 4500
003 - IDENTIFICADOR DEL NÚMERO DE CONTROL
control field AR-CdUCM
008 - DATOS DE LONGITUD FIJA--INFORMACIÓN GENERAL
fixed length control field 190227b ||||| |||| 00| 0 spa d
040 ## - FUENTE DE LA CATALOGACIÓN
Agencia/entidad que catalogó originalmente la obra MUNICIPALIDAD PROVINCIAL DEL CUSCO
Entidad que transcribió la catalogación BIBLIOTECA MUNICIPAL DEL CUSCO
082 ## - NÚMERO DE LA CLASIFICACIÓN DECIMAL DEWEY
No. de Clasificación 985.613 / L72
Notacion interna L72
100 ## - ENTRADA PRINCIPAL--NOMBRE DE PERSONA
Nombre Personal Llacolla Huallparimachi, Justino Wiler
245 ## - MENCIÓN DE TÍTULO
Título Anta historia costumbre y folklore /
Mención de responsabilidad Justino Wiler Llacolla Huallparimachi
260 ## - PUBLICACIÓN, DISTRIBUCIÓN, ETC.
Lugar de publicación, distribución, etc. Cusco :
Nombre de la editorial, distribuidor, etc. Municipalidad Provincial de Anta,
Fecha de publicación, distribución, etc. 2017.
300 ## - DESCRIPCIÓN FÍSICA
Nº de Páginas Extensión 306 páginas ;
Otros detalles físicos ilustraciones en color,
Dimensiones 22 cm.
505 ## - NOTA DE CONTENIDO CON FORMATO
Nota de contenido formateada Contenido: Batallas en el valle de Jaquijahuana o Xaquixaguana -- Personalidades de la Provincia de Anta -- Vestimenta del poblador del valle de Jaquijahuana Anta -- Los Ayllus y comunidades campesinas y su riqueza -- Visita de personalidades a la Provincia de Anta -- Patrimonio cultural inmaterial y arte popular folklore en Anta -- Tradición y folklore vivo en la provincia de Anta -- Gastronomía de Anta.
650 ## - PUNTO DE ACCESO ADICIONAL DE MATERIA--TÉRMINO DE MATERIA
Descriptor Historia de Anta
9 (RLIN) 44101
650 ## - PUNTO DE ACCESO ADICIONAL DE MATERIA--TÉRMINO DE MATERIA
Descriptor Historiografía cusqueña
9 (RLIN) 44102
650 ## - PUNTO DE ACCESO ADICIONAL DE MATERIA--TÉRMINO DE MATERIA
Descriptor Historia popular
9 (RLIN) 2638
700 ## - PUNTO DE ACCESO ADICIONAL--NOMBRE DE PERSONA
Nombre Personal Granada Machaca, Jimmy
9 (RLIN) 44103
710 ## - PUNTO DE ACCESO ADICIONAL--NOMBRE DE ENTIDAD CORPORATIVA
Nombre corporativo (En letras Mayúsculas) Municipalidad Provincial de Anta
9 (RLIN) 44100
942 ## - ELEMENTOS DE PUNTO DE ACCESO ADICIONAL (KOHA)
Fuente de clasificación
Tipo de item Libros-BMC
945 ## - PROCESAMIENTO DE INFORMACIÓN LOCAL (OCLC)
Catalogador Roel
Holdings
Estado de retiro (separado) Fuente de clasificación o esquema de estanterías Estado dañado Ubicación Sala donde se ubica Nombre de la colección Fecha de adquisición o compra Fuente de adquisición Costo, precio normal en soles Signatura topográfica Código de Barras Última vez visto (Koha) Tipo de ítem (Koha)
No     Sala Humanidades Sala Humanidades Book Cart 2020-02-05 Depósito Legal BNP N° 2018-03922 30.00 985.613 / L72 SH0000015601 2020-02-05 Libros-BMC

Powered by Koha